[Event "Grand Pacific Open 10th annual"]
[Site "?"]
[Date "2016.03.26"]
[Round "3.8"]
[White "Roback, Joe"]
[Black "Kaufman, Ray"]
[Result "1/2-1/2"]
[WhiteElo "2032"]
[BlackElo "2307"]
[PlyCount "95"]
[EventDate "2016.03.28"]

1. e4 c5 2. Nf3 e6 3. d4 cxd4 4. Nxd4 a6 5. Bd3 Bc5 6. Nb3 Be7 7. Nc3 d6 8. a4
b6 9. O-O Bb7 10. Bf4 Nf6 11. Qd2 Nbd7 12. Rfe1 O-O 13. Rad1 Qc7 14. Bf1 Ne5
15. Qe2 Rac8 16. Nd2 Rfd8 17. h3 Qb8 18. Be3 Ned7 19. Bf4 Qa8 20. Nc4 d5 21.
exd5 Nxd5 22. Nxd5 Bxd5 23. Ne3 Bb7 24. Nf5 Bb4 25. c3 exf5 26. cxb4 Nf6 27.
Rxd8+ Rxd8 28. Bc7 Re8 29. Qd2 Rxe1 30. Qxe1 Nd5 31. Be5 Qe8 32. b5 a5 33. Bc3
Qxe1 34. Bxe1 Kf8 35. f3 f4 36. Bd3 g6 37. Kf2 f5 38. Ke2 Ke7 39. Bf2 Kd6 40.
Bd4 Kc7 41. Bc4 g5 42. Be5+ Kd7 43. Bd4 Kc7 44. Bd3 Bc8 45. Bc4 Be6 46. Kd2 h5
47. Be5+ Kd7 48. Bd4 1/2-1/2

[Event "Grand Pacific Open 10th annual"]
[Site "?"]
[Date "2016.03.26"]
[Round "3.9"]
[White "Pulfer, Luke"]
[Black "Gansvind, Valeria"]
[Result "1/2-1/2"]
[WhiteElo "2026"]
[BlackElo "2226"]
[PlyCount "44"]
[EventDate "2016.03.28"]

1. d4 g6 2. c4 Bg7 3. Nc3 d6 4. e4 c6 5. Be3 a6 6. Qd2 b5 7. Bd3 Bb7 8. Nge2
Nd7 9. h4 h5 10. f3 Ngf6 11. a4 b4 12. Nd1 a5 13. Nf2 Qc8 14. O-O-O c5 15. d5
Ne5 16. b3 Qc7 17. Nh3 Nxd3+ 18. Qxd3 Nd7 19. Ng5 Ne5 20. Qc2 Bc8 21. Kb1 O-O
22. Nf4 Qd8 1/2-1/2

[Event "Grand Pacific Open 10th annual"]
[Site "?"]
[Date "2016.03.26"]
[Round "3.10"]
[White "Doknjas, John"]
[Black "Low, Kevin"]
[Result "1-0"]
[WhiteElo "2265"]
[BlackElo "1922"]
[PlyCount "63"]
[EventDate "2016.03.28"]

1. d4 g6 2. e4 d6 3. c4 Bg7 4. Nc3 Nf6 5. Nf3 O-O 6. Be2 Nbd7 7. O-O e5 8. Be3
Re8 9. d5 Nh5 10. g3 Bf8 11. Ne1 Ng7 12. Nd3 a5 13. a3 Be7 14. Qd2 f5 15. f3
Rf8 16. b4 b6 17. Rac1 h5 18. f4 h4 19. c5 Nf6 20. fxe5 Nxe4 21. Nxe4 fxe4 22.
Nf2 hxg3 23. hxg3 dxe5 24. Nxe4 Nf5 25. Bh6 Nxh6 26. Qxh6 Bf5 27. d6 cxd6 28.
cxd6 Rc8 29. Rxc8 Qxc8 30. dxe7 Rf7 31. Nd6 Qd7 32. e8=Q+ 1-0

[Event "Grand Pacific Open 10th annual"]
[Site "?"]
[Date "2016.03.27"]
[Round "4.1"]
[White "Cheng, Bindi"]
[Black "Cao, Jason"]
[Result "1/2-1/2"]
[WhiteElo "2367"]
[BlackElo "2482"]
[PlyCount "94"]
[EventDate "2016.03.28"]

1. Nf3 Nf6 2. g3 e6 3. Bg2 d5 4. O-O Be7 5. d4 O-O 6. c4 c6 7. Qc2 b6 8. Rd1
Nbd7 9. b3 Ba6 10. Bb2 Rc8 11. Nbd2 c5 12. Rac1 cxd4 13. Nxd4 b5 14. Qb1 bxc4
15. bxc4 Bb7 16. Nxe6 fxe6 17. Bxf6 Nxf6 18. Qxb7 dxc4 19. Qa6 Qb6 20. Qxb6
axb6 21. Nxc4 Bc5 22. Bf3 Rfd8 23. Ne5 Kf8 24. Kg2 Ke8 25. Bc6+ Ke7 26. Bb7
Rxd1 27. Rxd1 Rc7 28. Bf3 Bd6 29. Nc6+ Kd7 30. Nd4 Rc5 31. e3 g6 32. a4 Ke7 33.
Rb1 e5 34. Nb5 Bb8 35. Rb4 Nd7 36. Bg4 Nf6 37. Bf3 Nd7 38. Rh4 Nf6 39. Bb7 Rc2
40. Rb4 Nd7 41. Bd5 Nf6 42. Bf3 Nd7 43. Bd1 Rc1 44. Bg4 Nc5 45. Na3 Bc7 46. Nb5
Bb8 47. Na3 Bc7 1/2-1/2

[Event "Grand Pacific Open 10th annual"]
[Site "?"]
[Date "2016.03.27"]
[Round "4.2"]
[White "Morozov, Grigoriy"]
[Black "Fier, Alexandr"]
[Result "0-1"]
[WhiteElo "2376"]
[BlackElo "2620"]
[PlyCount "136"]
[EventDate "2016.03.28"]

1. d4 Nf6 2. c4 c5 3. d5 e6 4. Nc3 exd5 5. cxd5 d6 6. e4 g6 7. Nf3 Bg7 8. Be2
O-O 9. O-O Re8 10. Nd2 Nbd7 11. h3 a6 12. a4 Rb8 13. Qc2 Nh5 14. Nc4 Ne5 15.
Bxh5 Nxc4 16. Be2 Ne5 17. Be3 f5 18. Qd2 fxe4 19. Nxe4 Nc4 20. Bxc4 Rxe4 21.
Bg5 Bf6 22. Bxf6 Qxf6 23. b3 b5 24. axb5 axb5 25. Bd3 Rd4 26. Qe2 Bd7 27. Ra7
Re8 28. Qc2 Re7 29. Rb7 Qg5 30. Bxb5 Bxb5 31. Rxb5 Qxd5 32. Rb8+ Kg7 33. Qc3
Qe5 34. Qf3 Rf4 35. Qc6 Qd4 36. Rb7 Rxb7 37. Qxb7+ Rf7 38. Qa6 d5 39. Qe2 Qc3
40. Rd1 d4 41. Rd3 Qc1+ 42. Kh2 Qf4+ 43. Kg1 Qd6 44. g3 Re7 45. Qf3 Re1+ 46.
Kg2 Qa6 47. h4 h5 48. Kh2 Rf1 49. Kg2 Re1 50. Kh2 Qf6 51. Kg2 Qe5 52. Qb7+ Kh6
53. Qf7 Qe7 54. Qf4+ Kg7 55. Rf3 Re5 56. Rd3 Rf5 57. Qd2 Qe4+ 58. Kg1 Rf7 59.
b4 Rb7 60. f3 Qe5 61. f4 Qe4 62. Qg2 Qe1+ 63. Kh2 Re7 64. Rd2 c4 65. Ra2 d3 66.
Qd5 Qe2+ 67. Rxe2 dxe2 68. Qd4+ Kh7 0-1

[Event "Grand Pacific Open 10th annual"]
[Site "?"]
[Date "2016.03.27"]
[Round "4.3"]
[White "Ross, Paul"]
[Black "Sohal, Tanraj"]
[Result "0-1"]
[WhiteElo "2348"]
[BlackElo "2397"]
[PlyCount "104"]
[EventDate "2016.03.28"]

1. d4 Nf6 2. c4 e6 3. Nf3 d5 4. g3 Nc6 5. cxd5 exd5 6. Bg2 h6 7. O-O Bd6 8. Nc3
O-O 9. Nb5 Re8 10. Nxd6 cxd6 11. Qd3 Bg4 12. e3 Qd7 13. Bd2 Ne4 14. Be1 g5 15.
Nd2 Bh3 16. f3 Bxg2 17. Kxg2 Nf6 18. a3 Qe6 19. Bf2 h5 20. Rae1 g4 21. Bg1 Ne7
22. fxg4 hxg4 23. e4 Ng6 24. e5 dxe5 25. dxe5 Nxe5 26. Qe3 Nfd7 27. Qg5+ Qg6
28. Qxg6+ fxg6 29. Re3 Rac8 30. Rf2 Rc2 31. Nb3 Rec8 32. Nd4 Rxf2+ 33. Bxf2 a6
34. b3 Kf7 35. Be1 Rc1 36. Bd2 Rd1 37. Re2 Nc5 38. Be3 Ne4 39. Rc2 Rd3 40. Bf4
Rxd4 41. Bxe5 Rd2+ 42. Rxd2 Nxd2 43. b4 Nc4 44. Bc3 Nxa3 45. Kf2 Ke6 46. Ke3
Kf5 47. Kd3 Nb5 48. Bd2 d4 49. Be1 Ke5 50. Bf2 Kd5 51. Be1 Na7 52. Bd2 Nc6 0-1

[Event "Grand Pacific Open 10th annual"]
[Site "?"]
[Date "2016.03.27"]
[Round "4.5"]
[White "Gentes, Kevin"]
[Black "Ross, Dave"]
[Result "1/2-1/2"]
[WhiteElo "2347"]
[BlackElo "2350"]
[PlyCount "39"]
[EventDate "2016.03.28"]

1. Nf3 d5 2. c4 e6 3. d4 c5 4. cxd5 exd5 5. g3 Nc6 6. Bg2 Nf6 7. O-O Be7 8. Nc3
O-O 9. Bg5 c4 10. Ne5 Be6 11. f4 h6 12. Bxf6 Bxf6 13. f5 Bxe5 14. dxe5 Qb6+ 15.
Kh1 Qxb2 16. Nxd5 Bxd5 17. Qxd5 Qxe5 18. Qxc4 Rac8 19. Rad1 Qf6 20. Qf4 1/2-1/2

[Event "Grand Pacific Open 10th annual"]
[Site "?"]
[Date "2016.03.27"]
[Round "4.6"]
[White "Moore, Harry"]
[Black "Maisuradze, Nino"]
[Result "0-1"]
[WhiteElo "2207"]
[BlackElo "2350"]
[PlyCount "68"]
[EventDate "2016.03.28"]

1. e4 c5 2. Nf3 Nc6 3. d4 cxd4 4. Nxd4 e5 5. Nb5 d6 6. N1c3 a6 7. Na3 b5 8. Nd5
Nge7 9. c3 Nxd5 10. exd5 Ne7 11. Nc2 Bb7 12. Nb4 Qd7 13. a4 bxa4 14. c4 a5 15.
Na2 a3 16. b3 Nf5 17. Bxa3 Be7 18. Bd3 O-O 19. O-O Nd4 20. Nc3 f5 21. Na4 Qc7
22. f4 Bf6 23. fxe5 Bxe5 24. Bb2 Qe7 25. Re1 Qh4 26. Rxe5 dxe5 27. Nb6 Rad8 28.
c5 Rf6 29. Qe1 Qg4 30. Qg3 Qxg3 31. hxg3 Nxb3 32. Rb1 Nxc5 33. Bxe5 Nxd3 34.
Bxf6 gxf6 0-1

[Event "Grand Pacific Open 10th annual"]
[Site "?"]
[Date "2016.03.27"]
[Round "4.7"]
[White "Sali, Zulfikar"]
[Black "Doknjas, John"]
[Result "0-1"]
[WhiteElo "2090"]
[BlackElo "2265"]
[PlyCount "154"]
[EventDate "2016.03.28"]

1. e4 c5 2. Nf3 d6 3. d4 cxd4 4. Nxd4 Nf6 5. Nc3 a6 6. Be3 e5 7. Nb3 Be7 8. f3
Be6 9. Qd2 O-O 10. O-O-O Nbd7 11. g4 b5 12. g5 b4 13. Ne2 Ne8 14. f4 a5 15. f5
Bxb3 16. cxb3 a4 17. bxa4 Rxa4 18. b3 Ra5 19. Kb1 d5 20. exd5 Bc5 21. Ng3 Nd6
22. Bxc5 Nxc5 23. Qe3 Qa8 24. Rd2 Nxb3 25. Rb2 Nd4 26. Qxe5 Rxd5 27. Qf4 N6b5
28. Bxb5 Nxb5 29. Qxb4 Na3+ 30. Ka1 Rfd8 31. Rc1 Rd1 32. Qc3 Rxc1+ 33. Qxc1 Qa4
34. Rd2 Rb8 35. g6 hxg6 36. fxg6 fxg6 37. Rb2 Rd8 38. Rb3 Qd4+ 39. Qc3 Nc4 40.
Qxd4 Rxd4 41. Rb8+ Kh7 42. Kb1 Ne3 43. Re8 Nf5 44. Ne4 Rd1+ 45. Kb2 Nd6 46.
Nxd6 Rxd6 47. Re2 g5 48. a4 Rf6 49. Kc3 Rf3+ 50. Kb4 Rf4+ 51. Kb5 Rf5+ 52. Kc6
Rf6+ 53. Kd5 Rf5+ 54. Ke6 Ra5 55. Re4 Kh6 56. h3 Rc5 57. Re3 Ra5 58. Ra3 Kh5
59. Kd6 g4 60. hxg4+ Kxg4 61. Kc6 g5 62. Kb6 Rf5 63. a5 Rf6+ 64. Kb5 Rf5+ 65.
Kc4 Rf4+ 66. Kd5 Rf5+ 67. Ke6 Rf8 68. a6 Kh4 69. a7 Ra8 70. Kf5 g4 71. Ra6 Rf8+
72. Ke4 Re8+ 73. Kf4 Rf8+ 74. Ke3 Re8+ 75. Kf2 g3+ 76. Kg2 Ra8 77. Kf3 g2 {time
} 0-1

[Event "Grand Pacific Open 10th annual"]
[Site "?"]
[Date "2016.03.27"]
[Round "4.8"]
[White "Kenney, Jason"]
[Black "Richardson, Kai"]
[Result "1-0"]
[WhiteElo "2241"]
[BlackElo "2090"]
[PlyCount "77"]
[EventDate "2016.03.28"]

1. c4 c5 2. g3 e6 3. Bg2 Nf6 4. Nf3 Be7 5. O-O O-O 6. Nc3 Nc6 7. d4 cxd4 8.
Nxd4 a6 9. Bf4 Qa5 10. Nb3 Qh5 11. Bd6 Bxd6 12. Qxd6 Qe5 13. Rfd1 Ne8 14. Qxe5
Nxe5 15. c5 Rb8 16. Na4 Nc4 17. Rac1 d5 18. e4 Nf6 19. exd5 exd5 20. Bxd5 Nxd5
21. Rxc4 Be6 22. Rcd4 Nc7 23. Nb6 g6 24. Na5 h5 25. Nd7 Bxd7 26. Rxd7 Rfc8 27.
b4 Nb5 28. Rxb7 Rxb7 29. Nxb7 Nc3 30. Rd2 Kg7 31. Nd6 Rc6 32. Rc2 Nd5 33. Rc4
Nc7 34. a4 Ne6 35. Nb7 Nc7 36. Rd4 Kf6 37. Rd6+ Rxd6 38. cxd6 Ne6 39. a5 1-0

[Event "Grand Pacific Open 10th annual"]
[Site "?"]
[Date "2016.03.27"]
[Round "4.9"]
[White "Kostadinov, Georgi"]
[Black "Wu, Howard"]
[Result "1/2-1/2"]
[WhiteElo "2080"]
[BlackElo "2226"]
[PlyCount "116"]
[EventDate "2016.03.28"]

1. d4 Nf6 2. c4 c5 3. d5 b5 4. cxb5 a6 5. bxa6 g6 6. Nc3 Bxa6 7. e4 Bxf1 8.
Kxf1 d6 9. g3 Bg7 10. Kg2 O-O 11. Nf3 Nbd7 12. Qc2 Ng4 13. b3 Qa5 14. Bd2 Nge5
15. Nxe5 Nxe5 16. Rab1 Qa3 17. Rhd1 Rfb8 18. Bc1 Qa5 19. Bd2 Qa6 20. a4 Rc8 21.
f4 Ng4 22. Re1 c4 23. b4 Qa7 24. Re2 Qd4 25. h3 Qd3 26. Qxd3 cxd3 27. Ree1 Bxc3
28. Bxc3 Rxc3 29. hxg4 Rxa4 30. Red1 Ra2+ 31. Kf3 d2+ 32. Kf2 Rc1 33. Ke2 Rac2
34. Rb3 Rc3 35. Rb2 Rxg3 36. Kxd2 Rc4 37. Re1 Kf8 38. b5 Rd4+ 39. Kc1 Rc3+ 40.
Kb1 Rc7 41. b6 Rb7 42. Kc2 Ra4 43. g5 Ke8 44. Kd3 e6 45. dxe6 fxe6 46. Rh1 d5
47. exd5 exd5 48. Ke3 Re4+ 49. Kf3 Re6 50. Kg4 d4 51. Rd1 Rd6 52. Rd3 Kf7 53.
Rb4 Rbxb6 54. Rxb6 Rxb6 55. Rxd4 Rb5 56. Rd7+ Kg8 57. Rd2 Rf5 58. Kf3 Rf7
1/2-1/2

[Event "Grand Pacific Open 10th annual"]
[Site "?"]
[Date "2016.03.26"]
[Round "4.11"]
[White "Gansvind, Valeria"]
[Black "Roback, Joe"]
[Result "0-1"]
[WhiteElo "2276"]
[BlackElo "2032"]
[PlyCount "224"]
[EventDate "2016.03.28"]

1. d4 Nf6 2. Bg5 c5 3. Nc3 Qb6 4. d5 Qxb2 5. Bd2 Qb6 6. e4 e5 7. Rb1 Qd8 8. f4
d6 9. fxe5 dxe5 10. Nf3 Bd6 11. Bd3 O-O 12. Qe2 Nbd7 13. a4 a6 14. O-O Qc7 15.
Nd1 c4 16. Bxc4 Nc5 17. Nc3 Bg4 18. Bd3 Rfe8 19. h3 Bh5 20. Qe1 Bg6 21. Nh4
Rac8 22. Nf5 Bf8 23. Kh1 Qd7 24. a5 Rc7 25. Rb6 Rec8 26. g4 Qd8 27. Rf3 Ne8 28.
Bf1 Nd6 29. Re3 Be7 30. Nxe7+ Qxe7 31. Rb4 Nd7 32. Qb1 Qf6 33. Qe1 Rc5 34. Ra4
Qd8 35. Bd3 Qc7 36. Ne2 Nc4 37. Rf3 Nxd2 38. Qxd2 Qd8 39. Ng3 R5c7 40. Ra2 Nc5
41. Kg2 h6 42. Nf5 Bxf5 43. Rxf5 Nd7 44. Qf2 Qe7 45. h4 Nf8 46. h5 f6 47. Rf3
Rc5 48. Qd2 Qc7 49. Rf1 Nh7 50. Rb1 Qd7 51. Qe2 Ng5 52. Rb6 Nf7 53. Rab2 Nd6
54. Qf2 Rxa5 55. Rxd6 Qxd6 56. Rxb7 Rac5 57. Qf5 R5c7 58. Rb1 a5 59. c4 Ra8 60.
Qf2 a4 61. Rb6 Qc5 62. d6 Rcc8 63. d7 Qxf2+ 64. Kxf2 Rc7 65. Ra6 Rd8 66. Rxa4
Rcxd7 67. Be2 Kf8 68. Ke3 Rc7 69. Ra6 Ke7 70. Rb6 Rd6 71. Rb8 Rd4 72. Rb4 Ra7
73. Rb3 Kd6 74. Bf1 Kc6 75. Be2 Ra2 76. Rc3 Rdd2 77. Bf3 Rdc2 78. Rb3 Rxc4 79.
Be2 Rcc2 80. Bb5+ Kc5 81. Bf1 Rf2 82. Rb1 Rf4 83. Rc1+ Kd6 84. Rd1+ Ke7 85. Rb1
Ra3+ 86. Kd2 Rxg4 87. Rb7+ Kd6 88. Rb6+ Kc7 89. Rb2 Rg1 90. Ke2 Ra1 91. Rc2+
Kd6 92. Rd2+ Kc5 93. Bh3 Rh1 94. Rd5+ Kc4 95. Be6 Kb4 96. Rd7 Ra3 97. Kf2 Rh2+
98. Kg1 Re2 99. Kf1 Rxe4 100. Rxg7 Rh4 101. Rb7+ Kc5 102. Bf7 Rh2 103. Kg1 Rd2
104. Rb1 e4 105. Bg6 e3 106. Re1 Kd4 107. Bh7 Ra5 108. Bg6 Rg5+ 109. Kh1 f5
110. Be8 e2 111. Kh2 Ke3 112. Bb5 Kf2 0-1

[Event "Grand Pacific Open 10th annual"]
[Site "?"]
[Date "2016.03.27"]
[Round "5.1"]
[White "Fier, Alexandr"]
[Black "Cao, Jason"]
[Result "1/2-1/2"]
[WhiteElo "2620"]
[BlackElo "2367"]
[PlyCount "82"]
[EventDate "2016.03.28"]

1. e4 c5 2. Nf3 e6 3. d4 cxd4 4. Nxd4 Nc6 5. Nc3 Qc7 6. Be3 a6 7. Be2 Nf6 8.
O-O Bb4 9. Na4 O-O 10. Nxc6 bxc6 11. c4 Be7 12. Bd3 c5 13. f4 d6 14. Qf3 Bb7
15. Nc3 Nd7 16. Qh3 Rfe8 17. e5 g6 18. exd6 Qxd6 19. Rad1 Qc7 20. f5 exf5 21.
Bxf5 Nf6 22. Bf4 Qb6 23. Be5 Rad8 24. Rde1 Rd2 25. Ne4 Nxe4 26. Bxe4 Bxe4 27.
Rxe4 Red8 28. Bc3 R2d3 29. Qxd3 Rxd3 30. Rxe7 f5 31. Rfe1 Qd6 32. R7e6 Qd7 33.
Re8+ Kf7 34. Rh8 Qa4 35. Rxh7+ Kf8 36. Kf2 Rd1 37. b3 Qxa2+ 38. Re2 Qb1 39.
Rh8+ Kf7 40. Rh7+ Kf8 41. Rh8+ Kf7 1/2-1/2

[Event "Grand Pacific Open 10th annual"]
[Site "?"]
[Date "2016.03.27"]
[Round "5.2"]
[White "Sohal, Tanraj"]
[Black "Cheng, Bindi"]
[Result "0-1"]
[WhiteElo "2397"]
[BlackElo "2482"]
[PlyCount "72"]
[EventDate "2016.03.28"]

1. d4 Nf6 2. c4 c5 3. d5 e6 4. Nc3 exd5 5. cxd5 d6 6. Nf3 g6 7. Nd2 a6 8. a4
Nbd7 9. e4 Bg7 10. Nc4 Nb6 11. Ne3 O-O 12. Bd3 Re8 13. O-O Rb8 14. Re1 Qc7 15.
a5 Nbd7 16. f4 b5 17. axb6 Nxb6 18. g4 c4 19. Bc2 Nfd7 20. Nf1 Nc5 21. Ng3 Nb3
22. Bxb3 cxb3 23. Qxb3 Nc4 24. Qc2 Nxb2 25. Bxb2 Qb6+ 26. Kh1 Qxb2 27. Qxb2
Rxb2 28. Re3 Rc2 29. e5 Bxg4 30. Rxa6 dxe5 31. d6 Kf8 32. fxe5 Bxe5 33. Nd5 Bd4
34. Rxe8+ Kxe8 35. d7+ Kd8 36. Ra3 Rc1+ 0-1

[Event "Grand Pacific Open 10th annual"]
[Site "?"]
[Date "2016.03.27"]
[Round "5.3"]
[White "Doknjas, John"]
[Black "Sasata, Robert"]
[Result "1/2-1/2"]
[WhiteElo "2265"]
[BlackElo "2367"]
[PlyCount "113"]
[EventDate "2016.03.28"]

1. d4 Nf6 2. c4 e6 3. Nc3 Bb4 4. e3 O-O 5. Bd3 d5 6. Nge2 dxc4 7. Bxc4 c5 8.
O-O Nc6 9. a3 Bxc3 10. bxc3 Qc7 11. Ba2 b6 12. Ng3 Rd8 13. Qe2 e5 14. dxc5 Na5
15. cxb6 axb6 16. Qb2 Ba6 17. Re1 Nc4 18. Bxc4 Qxc4 19. e4 Rd3 20. Bg5 Nd7 21.
Red1 h6 22. Be7 g6 23. Rxd3 Qxd3 24. Qc1 Kg7 25. Qe1 Rc8 26. Bb4 Nc5 27. Rd1
Qc4 28. h4 Nd3 29. Qe3 Rc6 30. h5 Rf6 31. f3 Qb3 32. Qd2 Rc6 33. hxg6 fxg6 34.
Nh1 Rc7 35. Nf2 h5 36. Nxd3 Rd7 37. Qe1 Bxd3 38. Rd2 Qe6 39. Qe3 Bb5 40. Rxd7+
Bxd7 41. f4 exf4 42. Qxf4 Bc6 43. Qc7+ Kg8 44. Qd8+ Be8 45. Qh4 Bc6 46. Qd8+
Be8 47. Qe7 Qxe7 48. Bxe7 Bc6 49. e5 Kf7 50. Bd8 b5 51. Kf2 Ke6 52. Bf6 Kf5 53.
g3 g5 54. Ke3 h4 55. gxh4 gxh4 56. Bxh4 Kxe5 57. Bg3+ 1/2-1/2

[Event "Grand Pacific Open 10th annual"]
[Site "?"]
[Date "2016.03.27"]
[Round "5.4"]
[White "Maisuradze, Nino"]
[Black "Kenney, Jason"]
[Result "1-0"]
[WhiteElo "2350"]
[BlackElo "2241"]
[PlyCount "73"]
[EventDate "2016.03.28"]

1. d4 Nf6 2. c4 g6 3. Nc3 Bg7 4. e4 d6 5. f4 c5 6. d5 O-O 7. Nf3 e6 8. Be2 exd5
9. cxd5 Nbd7 10. O-O Re8 11. Qc2 Nb6 12. h3 Bd7 13. a4 Rc8 14. a5 Na8 15. Rd1
c4 16. g4 h5 17. g5 Nxe4 18. Nxe4 Bf5 19. Nfd2 c3 20. bxc3 Rxc3 21. Qxc3 Bxc3
22. Nxc3 Qc7 23. Bb2 Qc5+ 24. Kg2 Nc7 25. Re1 Nxd5 26. Nxd5 Qxd5+ 27. Nf3 Bxh3+
28. Kf2 Qb3 29. Bc1 Bg4 30. Ra3 Qc2 31. Re3 Qc5 32. Rd1 Re4 33. Rxd6 Kf8 34.
Rd8+ Kg7 35. Bb2+ f6 36. gxf6+ Kh6 37. Rh8# 1-0

[Event "Grand Pacific Open 10th annual"]
[Site "?"]
[Date "2016.03.27"]
[Round "5.5"]
[White "Doknjas, Joshua"]
[Black "Gentes, Kevin"]
[Result "0-1"]
[WhiteElo "2185"]
[BlackElo "2347"]
[PlyCount "142"]
[EventDate "2016.03.28"]

1. e4 e6 2. d4 d5 3. Nc3 Nf6 4. Bg5 Bb4 5. e5 h6 6. Bc1 Ne4 7. Qg4 Kf8 8. Nge2
b6 9. a3 Bxc3+ 10. bxc3 Ba6 11. Bb2 Qg5 12. Qxg5 Nxg5 13. h4 Nh7 14. a4 Nc6 15.
g3 Ke8 16. Bh3 Nf8 17. f4 f5 18. g4 fxg4 19. Bxg4 h5 20. Bf3 g6 21. Ng3 Ne7 22.
Ba3 Bc4 23. Kf2 Nd7 24. Rhg1 Nb8 25. Rg2 Nbc6 26. Rag1 Kd7 27. Rb1 Raf8 28. Bc1
Rh7 29. Bd2 Rhf7 30. Rb2 Ba6 31. Rb1 Na5 32. Rgg1 Rc8 33. Be2 Bxe2 34. Kxe2 Nc4
35. Bc1 c5 36. Kd3 Rff8 37. Rb5 a6 38. Rb1 Rc6 39. Rg2 Rfc8 40. Ne2 Ke8 41. Ng3
Kf7 42. Rf2 Ng8 43. Rg2 Nh6 44. Rf2 Ng4 45. Rg2 cxd4 46. cxd4 Na3 47. Rb3 Nxc2
48. Bd2 a5 49. Ne2 Nge3 50. Rg1 Nf5 51. Bc3 Nce3 52. Rh1 Nc4 53. Rbb1 Nfe3 54.
Rb3 Ng4 55. Rf1 Nce3 56. Rf3 Nf5 57. Be1 Ke8 58. Rb1 Kd7 59. Rb3 Kc7 60. Rb2
Rc4 61. Ra2 Kb7 62. Rh3 Ngh6 63. Rf3 Ng8 64. Rh3 Nge7 65. Bc3 Nc6 66. Rh1 Rxc3+
67. Nxc3 Nb4+ 68. Kd2 Nxa2 69. Nxa2 Rc4 70. Kd3 Rxd4+ 71. Kc2 Rxa4 0-1

[Event "Grand Pacific Open 10th annual"]
[Site "?"]
[Date "2016.03.27"]
[Round "5.6"]
[White "Patterson, Roger"]
[Black "Morozov, Grigoriy"]
[Result "1/2-1/2"]
[WhiteElo "2168"]
[BlackElo "2376"]
[PlyCount "72"]
[EventDate "2016.03.28"]

1. e4 e6 2. d4 d5 3. Nc3 Bb4 4. e5 Qd7 5. a3 Bf8 6. Nce2 b6 7. f4 Ba6 8. Nf3
Ne7 9. g4 h5 10. gxh5 Rxh5 11. Ng3 Rh8 12. Be3 Bxf1 13. Rxf1 Nbc6 14. Qe2 Nf5
15. Nxf5 exf5 16. O-O-O Be7 17. Kb1 Nd8 18. c4 Ne6 19. Rd2 O-O-O 20. Rc1 Kb7
21. c5 c6 22. cxb6 axb6 23. Rdc2 Rc8 24. Ne1 c5 25. dxc5 bxc5 26. Qg2 Qc6 27.
Bxc5 Bxc5 28. Nd3 Qb5 29. Nxc5+ Nxc5 30. Qxd5+ Kb6 31. b4 Rcd8 32. Qxc5+ Qxc5
33. Rxc5 Rxh2 34. a4 Rd4 35. Rb5+ Ka6 36. Ra5+ Kb6 1/2-1/2

[Event "Grand Pacific Open 10th annual"]
[Site "?"]
[Date "2016.03.27"]
[Round "5.7"]
[White "Ross, Dave"]
[Black "Lampman, Becca"]
[Result "1-0"]
[WhiteElo "2350"]
[BlackElo "2132"]
[PlyCount "85"]
[EventDate "2016.03.28"]

1. d4 Nf6 2. c4 g6 3. Nf3 Bg7 4. g3 O-O 5. Bg2 d6 6. O-O Nc6 7. Nc3 a6 8. h3
Rb8 9. e4 b5 10. e5 dxe5 11. dxe5 Qxd1 12. Rxd1 Nd7 13. e6 fxe6 14. cxb5 axb5
15. Bf4 Nde5 16. Nxe5 Nxe5 17. Rac1 Bb7 18. Ne4 Bxe4 19. Bxe4 Nc4 20. b3 Nd6
21. Bc6 b4 22. Bd7 Bc3 23. Bxe6+ Kg7 24. a4 Kf6 25. Bd5 Rb6 26. h4 e5 27. Bh6
Rc8 28. Bg2 c5 29. Bh3 Ra8 30. Rd3 c4 31. Rf3+ Ke7 32. Bg5+ Ke8 33. bxc4 Nxc4
34. Bf1 Nd6 35. Be3 Rba6 36. Bc5 Ne4 37. Bb5+ Kd8 38. Rd1+ Bd4 39. Rf8+ Kc7 40.
Rf7+ Kc8 41. Bxd4 exd4 42. Rxd4 Nd6 43. Bxa6+ 1-0

[Event "Grand Pacific Open 10th annual"]
[Site "?"]
[Date "2016.03.27"]
[Round "5.8"]
[White "Roback, Joe"]
[Black "Ross, Paul"]
[Result "1/2-1/2"]
[WhiteElo "2032"]
[BlackElo "2340"]
[PlyCount "120"]
[EventDate "2016.03.28"]

1. e4 e6 2. d4 d5 3. e5 c5 4. c3 Nc6 5. Nf3 Qb6 6. a3 a5 7. Bd3 Bd7 8. Bc2 Nh6
9. b3 cxd4 10. cxd4 Nf5 11. Bb2 Be7 12. O-O h5 13. Qd2 g6 14. Rd1 a4 15. b4 Nb8
16. Nc3 Bb5 17. Bd3 Bxd3 18. Qxd3 O-O 19. Bc1 Rc8 20. Bg5 Bf8 21. Rac1 Rc4 22.
Ne2 Qa6 23. Rxc4 dxc4 24. Qe4 Qc6 25. d5 exd5 26. Rxd5 Ne7 27. Bxe7 Bxe7 28.
Nfd4 Qc8 29. e6 Ra6 30. exf7+ Kxf7 31. Re5 Qd7 32. Nc3 Bf6 33. Nf3 Kg7 34. Rd5
Qe6 35. Ne5 Be7 36. f4 Rd6 37. Rxd6 Qxd6 38. Nxc4 Qd7 39. Ne5 Qd6 40. Nd5 Bd8
41. Nc4 Qf8 42. Qe5+ Kh7 43. Nd6 Nc6 44. Qe6 Qg7 45. h3 Nd4 46. Qf7 Nc2 47.
Qxg7+ Kxg7 48. Nc4 b5 49. Nde3 Bb6 50. Nxb6 Nxe3 51. Nc8 Nc2 52. Nd6 Nxa3 53.
Kf2 h4 54. g4 hxg3+ 55. Kxg3 Nc2 56. Nxb5 a3 57. Nxa3 Nxa3 58. Kg4 Kf6 59. h4
Nc4 60. h5 gxh5+ 1/2-1/2

[Event "Grand Pacific Open 10th annual"]
[Site "?"]
[Date "2016.03.27"]
[Round "5.9"]
[White "Kaufman, Ray"]
[Black "Murray, Mike"]
[Result "1/2-1/2"]
[WhiteElo "2307"]
[BlackElo "2098"]
[PlyCount "75"]
[EventDate "2016.03.28"]

1. d4 Nc6 2. Nf3 e6 3. e4 d5 4. e5 f6 5. exf6 Nxf6 6. Bf4 Bd6 7. Bg3 O-O 8. Bd3
Qe8 9. O-O Qh5 10. Nbd2 Bxg3 11. fxg3 Ng4 12. Qe1 Nxd4 13. h3 Nxf3+ 14. Nxf3
Nf6 15. g4 Qe8 16. Ne5 g6 17. Qh4 Nd7 18. Rxf8+ Qxf8 19. Rf1 Qc5+ 20. Kh1 Nxe5
21. Qd8+ Kg7 22. Qf6+ Kg8 23. Qxe5 Qe7 24. Rf6 Qg7 25. Qg5 Bd7 26. Bxg6 Be8 27.
Bxh7+ Kxh7 28. Qf4 Bg6 29. h4 Kg8 30. h5 Bf5 31. g5 Rf8 32. Rxf8+ Qxf8 33. Qxc7
Be4 34. Kg1 b6 35. Qd7 Qf7 36. Qd8+ Qf8 37. Qd7 Qf7 38. Qd8+ 1/2-1/2

[Event "Grand Pacific Open 10th annual"]
[Site "?"]
[Date "2016.03.27"]
[Round "5.10"]
[White "Wu, Howard"]
[Black "McLaren, Brian"]
[Result "0-1"]
[WhiteElo "2226"]
[BlackElo "2097"]
[PlyCount "72"]
[EventDate "2016.03.28"]

1. e4 Nf6 2. e5 Nd5 3. d4 d6 4. Nf3 Bg4 5. Be2 c6 6. O-O Bxf3 7. Bxf3 dxe5 8.
dxe5 e6 9. c4 Ne7 10. Qxd8+ Kxd8 11. Bh5 g6 12. Be2 Nd7 13. f4 Nf5 14. Nc3 Kc7
15. Ne4 Nc5 16. Ng5 Be7 17. Nxf7 Rhf8 18. Nd6 Nxd6 19. exd6+ Bxd6 20. Be3 Nd7
21. Rad1 b6 22. g3 Rae8 23. Bg4 Rf7 24. Rfe1 e5 25. Bxd7 Rxd7 26. Kg2 Rde7 27.
fxe5 Bxe5 28. Bg5 Re6 29. Rf1 Rd6 30. Rf7+ Kc8 31. Re1 Ree6 32. Rxh7 Bxb2 33.
Rf1 Rd7 34. Rf8+ Kc7 35. Bd8+ Kd6 36. Bc7+ Kxc7 0-1

[Event "Grand Pacific Open 10th annual"]
[Site "?"]
[Date "2016.03.28"]
[Round "6.1"]
[White "Cheng, Bindi"]
[Black "Fier, Alexandr"]
[Result "0-1"]
[WhiteElo "2482"]
[BlackElo "2620"]
[PlyCount "94"]
[EventDate "2016.03.28"]

1. Nf3 Nf6 2. g3 d5 3. Bg2 g6 4. c4 d4 5. O-O Bg7 6. e3 c5 7. exd4 cxd4 8. d3
O-O 9. Re1 a5 10. Nbd2 Nfd7 11. a3 Nc5 12. Ne4 Nba6 13. Nfg5 a4 14. Rb1 Nb3 15.
f4 Rb8 16. Nd2 Nbc5 17. Nde4 b5 18. cxb5 Rxb5 19. Nxc5 Nxc5 20. Ne4 Nb3 21. Bd2
Nxd2 22. Nxd2 Bf5 23. Be4 Bd7 24. Qxa4 Rxb2 25. Qd1 Rxb1 26. Qxb1 h5 27. Nc4 h4
28. Qb6 Ba4 29. Qxd8 Rxd8 30. Nb6 Bb5 31. a4 Ba6 32. g4 e6 33. f5 exf5 34. gxf5
gxf5 35. Bxf5 Bh6 36. Re7 Rd6 37. Nd7 Bb7 38. Nc5 Be3+ 39. Kf1 Bf3 40. Be4 Bg4
41. Ke1 Rf6 42. Bd5 Rf5 43. Ne4 Kf8 44. Rd7 Bh3 45. Rd8+ Ke7 46. Rd6 Rf1+ 47.
Ke2 Rg1 0-1

[Event "Grand Pacific Open 10th annual"]
[Site "?"]
[Date "2016.03.28"]
[Round "6.2"]
[White "Cao, Jason"]
[Black "Maisuradze, Nino"]
[Result "1-0"]
[WhiteElo "2367"]
[BlackElo "2350"]
[PlyCount "79"]
[EventDate "2016.03.28"]

1. e4 c5 2. Nf3 e6 3. d4 cxd4 4. Nxd4 a6 5. Bd3 Nf6 6. O-O e5 7. Nb3 Be7 8. c4
d6 9. Nc3 O-O 10. f3 Be6 11. Be3 Nfd7 12. Nd5 Nc6 13. Qd2 a5 14. Rad1 Bxd5 15.
exd5 Ncb8 16. f4 a4 17. Nc1 Bf6 18. Ne2 exf4 19. Nxf4 g6 20. Kh1 Ne5 21. c5 Na6
22. c6 bxc6 23. dxc6 Ng4 24. Bxa6 Rxa6 25. c7 Qd7 26. Nd5 Be5 27. Bf4 f5 28.
Bxe5 Nxe5 29. c8=Q Qxc8 30. Ne7+ Kf7 31. Nxc8 Rxc8 32. Rc1 Rb8 33. Rc7+ Kf6 34.
Rfc1 Rab6 35. h4 Ke6 36. Rd1 f4 37. Qxf4 Rxb2 38. Re1 Kd5 39. Rxe5+ dxe5 40.
Qc4+ 1-0